Statistical data editing methods and techniques.

Guardat en:
Dades bibliogràfiques
Format: Llibre
Idioma:anglès
Publicat: United Nations 1994
Etiquetes: Afegir etiqueta
Sense etiquetes, Sigues el primer a etiquetar aquest registre!

MARC

LEADER 00000nam a22000007a 4500
008 210119b ||||| |||| 00| 0 eng d
245 |a Statistical data editing  |b methods and techniques.  |c UNITED Nations: Statistical Commission  |e Statistical Standards and Studies  |f 44, Vol. 1 No. 1  |g 219p;. 29cm 
260 |b United Nations  |c 1994  |h New York  |i 289623  |l DOC/UN 94.II.E.36  |m Editing – Statistical methods 
942 |a lcc  |c CR  |e Adeyeye Y. S.  |f 19/01/2021 
952 |0 0  |1 0  |2 lcc  |4 0  |7 0  |9 1232  |a HOL  |b HOL  |d 2021-01-19  |l 0  |o DOC/UN 94.II.E.36  |p 2021-0050  |r 2021-01-19 00:00:00  |w 2021-01-19  |y CR 
999 |c 640  |d 640